000 01161nam a2200277 a 4500
001 ebr10457047
003 CaPaEBR
006 m u
007 cr cn|||||||||
008 110418s2011 enkad s 000 0 eng d
020 _z9781849513388
020 _z9781849513395 (e-book)
040 _aCaPaEBR
_cCaPaEBR
035 _a(OCoLC)712260514
050 1 4 _aT58.64
_b.K86 2011eb
100 1 _aKumar, Ajit.
245 1 0 _aADempiere 3.6 cookbook
_h[electronic resource] :
_bover 100 recipes for extending and customizing ADempiere beyond its standard capabilities /
_cAjit Kumar.
260 _aOlton, Birmingham :
_bPackt Pub. Ltd.,
_c2011.
300 _aiii, 316 p. :
_bill. (some col.)
533 _aElectronic reproduction.
_bPalo Alto, Calif. :
_cebrary,
_d2011.
_nAvailable via World Wide Web.
_nAccess may be limited to ebrary affiliated libraries.
650 0 _aInformation resources management.
650 0 _aManagement information systems.
655 7 _aElectronic books.
_2local
710 2 _aebrary, Inc.
856 4 0 _uhttp://site.ebrary.com/lib/rucke/Doc?id=10457047
_zAn electronic book accessible through the World Wide Web; click to view
999 _c123380
_d123380